000 01587cam a2200337 a 4500
001 17054993
003 OSt
005 20180117085959.0
008 111122s2012 nyu b 001 0 eng
010 _a 2011047924
020 _a9781844678822 (alk. paper)
020 _a9781844679041
040 _aDLC
_cDLC
_dDLC
042 _apcc
050 0 0 _aHN17.5
_b.H355 2012
082 0 0 _a303.3/72
_223
100 1 _aHarvey, David,
_d1935-
245 1 0 _aRebel cities :
_bfrom the right to the city to the urban revolution /
_cDavid Harvey.
260 _aNew York :
_bVerso,
_c2012.
300 _axviii, 187 p. ;
_c22 cm.
504 _aIncludes bibliographical references and index.
505 0 _aThe right to the city -- The urban roots of capitalist crises -- The creation of the urban commons -- The art of rent -- Reclaiming the city for anti-capitalist struggle -- London 2011 : feral capitalism hits the streets -- #OWS : the party of Wall Street meets its nemesis.
650 0 _aAnti-globalization movement
_vCase studies.
650 0 _aSocial justice
_vCase studies.
650 0 _aCapitalism
_vCase studies.
906 _a7
_bcbc
_corignew
_d1
_eecip
_f20
_gy-gencatlg
942 _2ddc
_cBK
999 _c3120
_d3120